|
|
|
|
| LEADER |
00000nab#a22000007a#4500 |
| 001 |
arbauad029774 |
| 003 |
AR-BaUAD |
| 005 |
20250711112414.0 |
| 008 |
980204|||||||||###||||||b###|0###a|spa|| |
| 040 |
|
|
|a AR-BaUAD
|c AR-BaUAD
|b spa
|
| 245 |
1 |
0 |
|a Designer Summer 98
|b discarding the trappings
|
| 300 |
0 |
|
|b fot.
|
| 653 |
|
|
|a EUROPA
|
| 653 |
|
|
|a COLECCIONES
|
| 653 |
|
|
|a MODA
|
| 653 |
|
|
|a PRIMAVERA VERANO 1998
|
| 653 |
|
|
|a INDUMENTARIA FEMENINA
|
| 773 |
0 |
|
|t TEXTILE VIEW MAGAZINE
|g no. 40 [dic. 1997-mar. 1998], p. 50-65
|
| 942 |
|
|
|c ARTI
|
| 952 |
|
|
|0 0
|1 0
|4 0
|7 0
|9 74693
|a AR-BAuAD
|b AR-BAuAD
|d 2025-07-11
|l 0
|p AAQA029774
|r 2025-07-11 11:24:14
|w 2025-07-11
|y ARTI
|
| 990 |
|
|
|a DT199
|b TD
|
| 998 |
|
|
|a AAQ
|b BIBUN76
|
| 999 |
|
|
|c 54366
|d 54366
|